Дело о взносе в Контору господина банкира Штиглица и К° разных сумм по ангажементу артистов и выписке из Франции разных пьес

Доступно только в Электронных читальных залах Найти на картеНа карте
RUSMARC
00003855nmc2a22000003x 450
0016c5da80c-48e1-4878-a525-0e097dc22dd0
00520181227233820.0
100##$a20170703l18481848k l0rusy0189 ca
1010#$arus
102##$aRU
2001#$aДело о взносе в Контору господина банкира Штиглица и К° разных сумм по ангажементу артистов и выписке из Франции разных пьес
$j18 сентября - 5 декабря 1848 г.
251##$cДело
300##$aПо Санкт-Петербургской дирекции за 1848 год
300##$aНа бланке обложки указано: "Дело по Конторе императорских санкт-петербургских театров"
801#0$aRU
$bРГИА
$c20170703
$gRCR
801#1$aRU
$bГлавНИВЦ
$c20170703
$2rusmarc
801#2$aRU
$bПБ им. Б.Н. Ельцина
$c20181227
$gRCR
$2rusmarc
850##$aРГИА
852##$aРГИА
$eФедеральное казенное учреждение "Российский государственный исторический архив" (РГИА)
$j11750
937##$hРГИА
$d12247002
$aASBIBLIO_SCAN
462#0$1001dd3991dc-24e1-42ec-8838-ca4255420416
$12001
$a1746-1850 гг.
$1251
$cОпись
$1852
$j1
461#0$10019264ebf8-de62-4f1a-9eb4-9f22098dbbd5
$12001
$aДирекция императорских театров МИДв
$1251
$cФонд
$1852
$j497
215##$a22 л.
$d36,5х26 см
371##$aДокумент не является опубликованным и широко распространяемым
105##$ay###
1222#$ad
035##$a6c5da80c-48e1-4878-a525-0e097dc22dd0
856##$uhttp://readingroom.main.prlib.ru/item.aspx?id_node=n122579130&mode=full
Формат отображения